[Event "Oberoesterreich-ch Seniors"]
[Site "Ansfelden"]
[Date "2007.06.12"]
[Round "2.5"]
[White "Stoettinger, Franz"]
[Black "Lachmaier, Franz Sr"]
[Result "0-1"]
[WhiteElo "1579"]
[BlackElo "1723"]
[PlyCount "28"]
[EventDate "2007.06.11"]
[EventType "swiss"]
[EventRounds "7"]
[EventCountry "AUT"]
[SourceTitle "EXT 2024"]
[Source "ChessBase"]
[SourceDate "2023.10.10"]
[SourceVersion "1"]
[SourceVersionDate "2023.10.10"]
[SourceQuality "1"]

1. c4 e6 2. Nc3 d5 3. e3 Nf6 4. Nf3 c6 5. Bd3 Bd6 6. Qc2 dxc4 7. Bxc4 0-0 8. e4 e5 9. d4 Nbd7 10. Be3 exd4 11. Nxd4 Ne5 12. Be2 Nfg4 13. Nd1 Nxe3 14. Nxe3 Bb4+ 0-1

[Event "Wch Seniors 08th"]
[Site "Grieskirchen"]
[Date "1998.11.20"]
[Round "10"]
[White "Loechner, Friedrich"]
[Black "Stoettinger, Franz"]
[Result "1-0"]
[WhiteElo "1808"]
[BlackElo "1703"]
[PlyCount "53"]
[EventDate "1998.11.08"]
[EventType "swiss"]
[EventRounds "11"]
[EventCountry "AUT"]
[SourceTitle "CBM 067 Extra"]
[Source "ChessBase"]
[SourceDate "1999.01.01"]
[SourceVersion "1"]
[SourceVersionDate "1999.01.01"]
[SourceQuality "1"]

1. c4 c5 2. Nf3 Nf6 3. d4 g6 4. Nc3 cxd4 5. Nxd4 Bg7 6. e4 Nc6 7. Be3 d6 8. Be2 0-0 9. f3 Qa5 10. Nb3 Qd8 11. Qd2 Re8 12. Rd1 Be6 13. Rc1 Rc8 14. 0-0 a6 15. Rfd1 Na5 16. Nxa5 Qxa5 17. b3 Nd7 18. Nd5 Qxd2 19. Rxd2 Kf8 20. Rdc2 Rc6 21. b4 Rec8 22. a4 b5 23. axb5 axb5 24. c5 dxc5 25. Bxb5 Bxd5 26. exd5 Rb6 27. Bxd7 1-0

[Event "Wch Seniors 08th"]
[Site "Grieskirchen"]
[Date "1998.11.16"]
[Round "7"]
[White "Stoettinger, Franz"]
[Black "Gestrich, Wolfgang"]
[Result "1-0"]
[WhiteElo "1703"]
[BlackElo "1604"]
[PlyCount "149"]
[EventDate "1998.11.08"]
[EventType "swiss"]
[EventRounds "11"]
[EventCountry "AUT"]
[SourceTitle "CBM 067 Extra"]
[Source "ChessBase"]
[SourceDate "1999.01.01"]
[SourceVersion "1"]
[SourceVersionDate "1999.01.01"]
[SourceQuality "1"]

1. c4 Nf6 2. Nc3 e6 3. e4 d6 4. d4 c6 5. f3 Be7 6. Be3 h6 7. Bd3 Nbd7 8. Nge2 e5 9. 0-0 c5 10. d5 g5 11. Ng3 Nb6 12. a3 a5 13. Nb5 Bd7 14. a4 Nc8 15. Qe1 b6 16. b3 Nh7 17. Nh5 Nf6 18. Ng3 Nh7 19. Qd2 Nf6 20. Nh1 Nh5 21. Bc2 Ng7 22. Nf2 f5 23. exf5 Bxf5 24. g4 Bh7 25. Bxh7 Rxh7 26. Qd3 Rh8 27. Qg6+ Kf8 28. Nh1 Qe8 29. Qe4 Qd7 30. h3 Bf6 31. Ng3 Ne7 32. Qd3 Rd8 33. Ne4 Ne8 34. Nbxd6 Kg7 35. Nb5 Nc8 36. Kg2 Ned6 37. Nbc3 Qf7 38. Ng3 Qg6 39. Nce4 Rhf8 40. Qc3 Nxe4 41. fxe4 Nd6 42. Qd3 Kh7 43. Rf3 Bg7 44. Raf1 Rxf3 45. Rxf3 Rf8 46. Bd2 Rxf3 47. Qxf3 Qf7 48. Bc3 Qxf3+ 49. Kxf3 Kg6 50. Ke3 Kf6 51. Nh5+ Ke7 52. Nxg7 Nf7 53. Nf5+ Kf6 54. Ng3 Ke7 55. Nf1 Nh8 56. Bxe5 Ng6 57. Nd2 Nxe5 58. Nf1 Ng6 59. Ng3 Kd6 60. Nf5+ Ke5 61. Nxh6 Nf4 62. Nf7+ Kf6 63. Nd6 Ke7 64. e5 Nxh3 65. Nc8+ Kd7 66. Nxb6+ Kc7 67. d6+ Kxb6 68. e6 Kc6 69. e7 Kd7 70. Kf3 Nf4 71. Ke4 Ng6 72. Kf5 Nh8 73. Kf6 Ke8 74. Ke6 Nf7 75. d7# 1-0

[Event "Wch Seniors 08th"]
[Site "Grieskirchen"]
[Date "1998.11.11"]
[Round "3"]
[White "Stoettinger, Franz"]
[Black "Tritschler, Jonas"]
[Result "1/2-1/2"]
[WhiteElo "1703"]
[BlackElo "1690"]
[PlyCount "169"]
[EventDate "1998.11.08"]
[EventType "swiss"]
[EventRounds "11"]
[EventCountry "AUT"]
[SourceTitle "CBM 067 Extra"]
[Source "ChessBase"]
[SourceDate "1999.01.01"]
[SourceVersion "1"]
[SourceVersionDate "1999.01.01"]
[SourceQuality "1"]

1. c4 e5 2. Nc3 Nc6 3. Nf3 f5 4. d3 Bb4 5. Bd2 Nf6 6. a3 Bxc3 7. Bxc3 d6 8. g3 0-0 9. Bg2 Rb8 10. 0-0 Bd7 11. b4 Ne7 12. a4 Ng6 13. e3 f4 14. exf4 exf4 15. Qc2 fxg3 16. fxg3 Qc8 17. Ng5 Bf5 18. Rae1 c6 19. Qb2 Qd7 20. b5 Rbe8 21. Rxe8 Nxe8 22. Qe2 Nf6 23. Qb2 Ng4 24. Qe2 Re8 25. Qf3 Ne7 26. bxc6 bxc6 27. Re1 g6 28. Qf4 Nc8 29. Rxe8+ Qxe8 30. Ne4 Qe6 31. h3 Ne5 32. Qg5 Bxe4 33. Bxe4 Ne7 34. Kg2 Nxc4 35. Qh6 Ne5 36. Qe3 Qa2+ 37. Bd2 Qxa4 38. Bf3 Nf5 39. Qg5 Qa2 40. Qd8+ Kg7 41. Qc7+ Kf6 42. Qd8+ Kg7 43. Qc7+ Nf7 44. Qa5 Qxa5 45. Bxa5 d5 46. Kf2 h5 47. g4 hxg4 48. Bxg4 d4 49. Bb4 Ne5 50. Ke2 Nd7 51. Kd2 c5 52. Ba3 Kf7 53. h4 Kf6 54. Ke2 a6 55. h5 g5 56. h6 Ne5 57. Bxf5 Kxf5 58. Bxc5 Kg6 59. Bxd4 Nf7 60. Bg7 a5 61. d4 a4 62. Bf8 Nxh6 63. d5 Nf7 64. Bc5 Ne5 65. d6 Kf7 66. Kd2 Ke6 67. Kc3 g4 68. Kb4 g3 69. Kc3 Nc4 70. Kd3 Nxd6 71. Ke2 Kd5 72. Ba3 Ne4 73. Kf3 Ke5 74. Bb2+ Kf5 75. Ba3 Kg5 76. Kxe4 Kg4 77. Kd3 Kf3 78. Kd2 Kf2 79. Bc5+ Kf1 80. Be3 g2 81. Kc3 Ke2 82. Bg1 Kf1 83. Be3 Ke2 84. Bg1 Kf1 85. Be3 1/2-1/2